| 000 | 00345nam a22001337a 4500 | ||
|---|---|---|---|
| 005 | 20160401083524.0 | ||
| 008 | 100716s2010 nyua 001 0 eng | ||
| 020 | _a9780071741934 | ||
| 020 | _a0071741933 | ||
| 041 | 0 | _aeng | |
| 080 | _a004.42 | ||
| 245 | 1 | 0 |
_aMicrosoft Sharepoint 2010 QuickSteps / _cMarty Matthews, Nancy Buchanan. |
| 942 |
_2udc _cBK |
||
| 999 |
_c699 _d699 |
||